000 00385nam a2200157Ia 4500
008 230917s9999||||xx |||||||||||||| ||und||
040 _e122958
_aMAIN
041 _aEnglish
082 _a658.4 G829B
100 _aGreenberg, Jerald
245 0 _aBehaviour in organizations
250 _a9th ed.
260 _aNew Delhi
_bPearson Education
_c2009
300 _a758 p.
942 _cBK
999 _c145596
_d145596